Rembrandt paintings /

Bibliographic Details
Main Author: Gerson, H. (Horst)
Other Authors: Rembrandt Harmenszoon van Rijn, 1606-1669, Schwartz, Gary
Format: Book
Language:English
Dutch
Published: New York : Harrison, [1978?]
Subjects:

MARC

Tag First Indicator Second Indicator Subfields
LEADER 00000pam a2200000 a 4500
001 in00000076816
005 20151008054940.0
008 780418c19781968nyua b 00110 engm
010 |a  78008193  
020 |a 0517254204 
035 |a (OCoLC)03869312 
035 |9 AAJ2140AM 
040 |a DLC  |c DLC  |d m.c.  |d TXA  |d UtOrBLW 
041 1 |a eng  |a dut 
049 |a TXAM  |c [1442425] 
050 0 0 |a ND653.R4  |b G4513 1978 
082 0 |a 759.9492 
100 1 |a Gerson, H.  |q (Horst) 
240 1 0 |a Rembrandt Gemalde.  |l English 
245 1 0 |a Rembrandt paintings /  |c Horst Gerson ; [translated by Heinz Norden ; edited by Gary Schwartz]. 
264 1 |a New York :  |b Harrison,  |c [1978?] 
264 4 |c ©1968 
300 |a 527 pages :  |b illustrations (some color) ;  |c 38 cm. 
336 |a text  |b txt  |2 rdacontent 
337 |a unmediated  |b n  |2 rdamedia 
338 |a volume  |b nc  |2 rdacarrier 
500 |a "An Artabras book." 
500 |a Translation of: Rembrandt Gemalde. 
500 |a Includes indexes. 
504 |a Bibliography: pages 505-509. 
600 0 0 |a Rembrandt Harmenszoon van Rijn,  |d 1606-1669. 
700 0 |a Rembrandt Harmenszoon van Rijn,  |d 1606-1669. 
700 1 |a Schwartz, Gary. 
999 |a MARS 
999 f f |s 501bf69d-7c27-32bd-9012-ed86470d5a2d  |i a72389f1-e3aa-3593-9801-3c5ca7ff7e82  |t 0 
952 f f |p ric  |a Texas A&M University  |b Rellis Campus  |c Joint Library Facility  |d Remote Storage  |t 0  |e ND653.R4 G4513 1978  |f Oversize  |h Library of Congress classification  |i unmediated -- volume  |m A14832916030 
998 f f |a ND653.R4 G4513 1978  |t 0  |l Remote Storage